Länder mit Walmart - Statistiken

Allgemein
  • Dieses Quiz wurde 76 mal gespielt
  • Das Durchschnittsergebnis liegt bei 12 aus 24
Antwortstatistiken
Land mit Walmart % Korrekt
Kanada
99%
Mexiko
96%
Vereinigte Staaten
94%
Japan
87%
Brasilien
84%
China
84%
Argentinien
79%
Vereinigtes Königreich
78%
Chile
69%
Indien
60%
Costa Rica
49%
Honduras
49%
Nicaragua
48%
Südafrika
45%
El Salvador
42%
Guatemala
42%
Nigeria
21%
Ghana
19%
Namibia
15%
Mosambik
10%
Sambia
9%
Tansania
7%
Uganda
3%
Botsuana
1%
Keine übereinstimmenden Quizze gefunden
Verteilung der Resultate
Anzahl Personen mit jedem Resultat
Perzentil nach korrekt beantworteten Fragen
Ihre Resultats-Entwicklung
Sie haben dieses Quiz noch nicht gespielt